000 00829nas a2200265 454500
001 IICA0600473
003 BR-BrBNA
005 20260323111529.0
007 ta
008 260323b bl.|||p| |||| 00| 00por d
040 _aBR-BrBNA
_bpor
_cBiblioteca Nacional de Agricultura
041 _a(Es)
072 _aQ53
100 1 _aBowman, J.S.
100 1 _aCasida, J.E.
245 1 _aInsecticidas sistemicos para Theobroma cacao L., su translocacion, persistencia en el follaje y residuos en los granos de cacao
300 _av. 9 (1) p. 17-28
650 _aINSETICIDA SISTEMICO
650 _aEFEITO RESIDUAL
650 _aCACAU
650 _aTHEOBROMA CACAO
773 0 _tTURRIALBA (IICA)
_X0041-4360
_g(Jan-Mar 1959), v. 9 (1) p. 17-28
_wIICA0600473
909 _a202603
_bLúcia
_c55
_dLúcia Elande
942 _2IICA
_n0
_cANA
999 _c340724
_d340724